El Spleen de París: pequeños poemas en prosa

Guardat en:
Dades bibliogràfiques
Autor principal: Baudelaire, Charles Pierre (Autor)
Format: Llibre
Idioma:espanyol
Publicat: Santiago LOM 2008
Edició:1a. ed
Col·lecció:Colección Bolsillo
Matèries:
Etiquetes: Afegir etiqueta
Sense etiquetes, Sigues el primer a etiquetar aquest registre!

MARC

LEADER 00000nam a2200000 a 4500
001 UCG0984
003 CL-VaPUC
008 100415e20080000CL |||||||||||||||||spa|d
020 |a 9789560000408 
082 0 4 |a 840  |b BAU  |2 21 
100 0 |a Baudelaire, Charles Pierre  |e author  |9 265454 
245 1 3 |a El Spleen de París: pequeños poemas en prosa 
250 |a 1a. ed 
300 |a 143 p 
942 |c BK 
945 |d 20100415 00:00:00  |a cmena 
260 |a Santiago  |b LOM  |c 2008 
500 |a Introducción, traducción y notas de Pablo Oyarzún R 
650 0 |a Poesías francesas  |9 265467 
650 7 |a PROSAS FRANCESAS  |2 CL-VaPUC  |9 348002 
650 0 |a Literatura francesa  |9 266330 
583 |a last modification  |c 20131230 07:09:51  |k Rodrigo Vera 
490 0 |a Colección Bolsillo 
999 |c 340465  |d 340463 
952 |0 0  |1 0  |4 0  |6 840_000000000000000_BAU_2008  |7 0  |8 C  |9 435235  |a BIBCUR  |b BIBCUR  |d 2019-11-22  |i 4662067  |l 3  |m 4  |o 840 BAU 2008  |p 4662067  |r 2025-04-22  |s 2024-12-09  |w 2019-11-22  |y BK  |k CAC